<?xml version="1.0" encoding="UTF-8"?>
<collection xmlns:xsi="http://www.w3.org/2001/XMLSchema-instance" xsi:schemaLocation="http://www.loc.gov/MARC21/slim http://www.loc.gov/standards/marcxml/schema/MARC21slim.xsd" xmlns="http://www.loc.gov/MARC21/slim">
 <record>
  <leader>00000cmm a22000004a 4500</leader>
  <controlfield tag="001">UP-99796217611211938</controlfield>
  <controlfield tag="003">Buklod</controlfield>
  <controlfield tag="005">20140423132955.0</controlfield>
  <controlfield tag="006">m    go  j        </controlfield>
  <controlfield tag="007">cr cn |||aaaaa</controlfield>
  <controlfield tag="008">110223s2011    xx         u |      eng d</controlfield>
  <datafield tag="020" ind1=" " ind2=" ">
   <subfield code="a">9789400705821 (eBook)</subfield>
  </datafield>
  <datafield tag="020" ind1=" " ind2=" ">
   <subfield code="a">9400705824 (eBook)</subfield>
  </datafield>
  <datafield tag="035" ind1=" " ind2=" ">
   <subfield code="a">(iLib)UPD-00214608077</subfield>
  </datafield>
  <datafield tag="040" ind1=" " ind2=" ">
   <subfield code="a">DML</subfield>
  </datafield>
  <datafield tag="041" ind1="0" ind2=" ">
   <subfield code="a">eng</subfield>
  </datafield>
  <datafield tag="042" ind1=" " ind2=" ">
   <subfield code="a">DMLUC</subfield>
  </datafield>
  <datafield tag="084" ind1=" " ind2=" ">
   <subfield code="a">QA 76.9 H85</subfield>
   <subfield code="b">M59 2011eb</subfield>
  </datafield>
  <datafield tag="245" ind1="0" ind2="0">
   <subfield code="a">Mixed reality and human-robot interaction</subfield>
   <subfield code="h">[electronic resource]</subfield>
   <subfield code="c">Xiangyu Wang (Ed.).</subfield>
  </datafield>
  <datafield tag="264" ind1=" " ind2="1">
   <subfield code="a">Dordrecht</subfield>
   <subfield code="a">New York</subfield>
   <subfield code="b">Springer</subfield>
   <subfield code="c">c2011.</subfield>
  </datafield>
  <datafield tag="300" ind1=" " ind2=" ">
   <subfield code="a">1 online resource (vii, 165 p.)</subfield>
   <subfield code="b">ill.</subfield>
  </datafield>
  <datafield tag="490" ind1="1" ind2=" ">
   <subfield code="a">Intelligent systems, control and automation: Science and engineering</subfield>
   <subfield code="v">v. 47.</subfield>
  </datafield>
  <datafield tag="505" ind1="0" ind2=" ">
   <subfield code="a">Preface -- Table of Contents -- Chapter 1 What is Mixed Reality, ANYWay? Considering the Boundaries of mixed reality in the Context of Robots , by J. Young, E. Sharlin, and T. Igarashi -- Chapter 2 User-Centered HRI: HRI Research Methodology for Designers, by M. Kim, K. Oh, J.Choi, J. Jung, and Y. Kim -- Chapter 3 Mental Transformations in Human-Robot interaction, by B.P. DeJong, J. E. Colgate, and M.A. Peshkin -- Chapter 4 Computational Cognitive Modeling of Human-Robot Interaction Using a GOMS Methodology, by D.B. Kaber, S.H. Kim, and X. Wang -- Chapter 5 A Mixed Reality Based Teleoperation Interface for Mobile Robot, by X. Wang and J. Zhu -- Chapter 6 Evaluating the Usability of Virtual Environment by Employing Affective Measures, by I. Rezazadeh, M. Firoozabadi, and X. Wang -- Chapter 7 Security Robot Simulator, by W.H.Hung, P.Liu, and S.C. Kang -- Chapter 8 Companion Migration ? Initial Participants? Feedback from a Video-Based Prototyping Study, by K.L. Koay, D.S. Syrdal, K. Dautenhahn, K. Arent, ?. Ma?ek, and B. Kreczmer; Author Biographies -- Index.</subfield>
  </datafield>
  <datafield tag="506" ind1=" " ind2=" ">
   <subfield code="a">IP-based subscription, access limited to within on-campus computer network.</subfield>
   <subfield code="c">Access via Electronic Resources of the UPD University Library Website.</subfield>
  </datafield>
  <datafield tag="520" ind1=" " ind2=" ">
   <subfield code="a">Technologies play an increasing role in different aspects of human-robot interactions. The visual combination of digital contents with real working spaces creates a simulated environment that is set out to enhance these aspects. This book presents and discusses fundamental scientific issues, technical implementations, lab testing, and industrial applications and case studies of Mixed Reality in Human-Robot Interaction. It is a reference book that not only acts as meta-book in the field that defines and frames Mixed Reality use in Human-Robot Interaction, but also addresses up-coming trends and emerging directions of the field. This volume offers a comprehensive reference volume to the state-of-the-art in the area of MR in Human-Robot Interaction, an excellent mix of contributions from leading researcher/experts in multiple disciplines from academia and industry. All authors are experts and/or top researchers in their respective areas and each of the chapters has been rigorously reviewed for intellectual contents by the editorial team to ensure a high quality. This book provides up-to-date insight into the current research topics in this field as well as the latest technological advancements and the best working examples.</subfield>
  </datafield>
  <datafield tag="533" ind1=" " ind2=" ">
   <subfield code="a">Electronic reproduction.</subfield>
   <subfield code="b">New York</subfield>
   <subfield code="c">SpringerLink</subfield>
   <subfield code="d">2011.</subfield>
   <subfield code="n">Available via World Wide Web through SpringerLink.</subfield>
  </datafield>
  <datafield tag="650" ind1=" " ind2="0">
   <subfield code="a">Mixed reality.</subfield>
  </datafield>
  <datafield tag="650" ind1=" " ind2="0">
   <subfield code="a">Robotics.</subfield>
  </datafield>
  <datafield tag="650" ind1=" " ind2="0">
   <subfield code="a">Electronic books.</subfield>
  </datafield>
  <datafield tag="700" ind1="1" ind2=" ">
   <subfield code="a">Wang, Xiangyu</subfield>
   <subfield code="d">1979-.</subfield>
  </datafield>
  <datafield tag="710" ind1="2" ind2=" ">
   <subfield code="a">SpringerLink (Online service).</subfield>
  </datafield>
  <datafield tag="856" ind1="4" ind2="0">
   <subfield code="y">Available for University of the Philippines Diliman via SpringerLink. Click here to access</subfield>
   <subfield code="u">http://link.springer.com/book/10.1007/978-94-007-0582-1</subfield>
  </datafield>
  <datafield tag="905" ind1=" " ind2=" ">
   <subfield code="a">FO</subfield>
  </datafield>
  <datafield tag="950" ind1=" " ind2=" ">
   <subfield code="a">Monograph</subfield>
  </datafield>
  <datafield tag="852" ind1="0" ind2=" ">
   <subfield code="a">UPD</subfield>
   <subfield code="b">DMLR</subfield>
  </datafield>
  <datafield tag="942" ind1=" " ind2=" ">
   <subfield code="a">Electronic Resource</subfield>
  </datafield>
 </record>
</collection>
